Občianske právo hmotné všeobecná časť
Guardado en:
| Autor principal: | |
|---|---|
| Formato: | Libro |
| Lenguaje: | eslovaco |
| Publicado: |
Bratislava
Iura Edition
2010
|
| Edición: | 1. vyd. |
| Colección: | Učebnice
|
| Materias: | |
| Etiquetas: |
Sin Etiquetas, Sea el primero en etiquetar este registro!
|
MARC
| LEADER | 00000nam a2200000 4500 | ||
|---|---|---|---|
| 001 | 0172052 | ||
| 005 | 20240226122712.8 | ||
| 020 | |a 978-80-8078-346-4 | ||
| 041 | 0 | |a slo | |
| 044 | |a SK | ||
| 245 | 1 | 0 | |a Občianske právo hmotné |b všeobecná časť |c Ján Lazar a kolektív |
| 250 | |a 1. vyd. | ||
| 264 | 1 | |a Bratislava |b Iura Edition |c 2010 | |
| 300 | |a 715 s. | ||
| 490 | 1 | |a Učebnice | |
| 830 | 0 | |a Učebnice | |
| 610 | 2 | 0 | |a právo občianske |
| 610 | 2 | 0 | |a právo rodinné |
| 610 | 2 | 0 | |a právo dedičské |
| 610 | 2 | 0 | |a právo vlastnícke |
| 610 | 2 | 0 | |a právo európske |
| 610 | 2 | 0 | |a kataster nehnuteľností |
| 610 | 2 | 0 | |a zákony |
| 610 | 2 | 0 | |a Slovensko |
| 100 | 1 | |a Lazar, Ján | |